Villages of American Samoa With a Map - Statistics

General Stats
  • This quiz has been taken 109 times
  • The average score is 34 of 76
Answers on the Map
Answers color-coded by a green-red scale on the quiz's map according to % correct below.
 
Answer Stats
Village % Correct
Pago Pago
85%
Leone
65%
Aua
62%
Tula
62%
Faga'itua
58%
Fagatogo
58%
Ili'ili
58%
Aasu
54%
Amanave
54%
Aoa
54%
Aoloau
54%
Faga'alu
54%
Fagasa
54%
Faleasao
54%
Nu'uuli
54%
Ofu
54%
Poloa
54%
Tafuna
54%
Taputimu
54%
Utulei
54%
Vatia
54%
Afono
50%
Alao
50%
Alofau
50%
Amaua
50%
Aunu'u
50%
Faleniu
50%
Futiga
50%
Pava'ia'i
50%
Vaitogi
50%
Amouli
46%
Asili
46%
Fagamalo
46%
Fatumafuti
46%
Lauli'i
46%
Malaeloa/Aitulagi
46%
Malaeloa/Ituau
46%
Masefau
46%
Onenoa
46%
Pagai
46%
Vailoatai
46%
Afao
42%
Alega
42%
Amaluia
42%
Aumi
42%
Auto
42%
Fagali'i
42%
Faganeanea
42%
Failolo
42%
Leloaloa
42%
Matu'u
42%
Olosega
42%
Sili
42%
Agugulu
38%
Atu'u
38%
Auasi
38%
Luma
38%
Malaeimi
38%
Masausi
38%
Mesepa
38%
Sa'ilele
38%
Anua
35%
Nua
35%
Satala
35%
Se'etaga
35%
Si'ufaga
35%
Leusoali'i
31%
Maia
31%
Maloata
31%
Avaio
27%
Mapusagafou
27%
Puapua
27%
Utumea East
27%
Utumea West
27%
Utusia
23%
Auma
19%
No matching quizzes found
Score Distribution
Percent of People with Each Score
Percentile by Number Answered
Your Score History
You have not taken this quiz